Score 0/10 Timer 02:00
1 Play Today
Word Being Guessed Answer % Correct
ELBTBelt
98.4%
AKBCBack
98.1%
VREEEver
94.2%
TOENSStone
88.4%
BTMHUThumb
87.3%
ANKESSnake
86.6%
ELSEVESSleeves
83.5%
CNHFIESFinches
63.8%
NESTORMMonster
53.5%
Word in CommonGreen
48.8%

You're not logged in!

Compare scores with friends on all Sporcle quizzes.
OR
Log In

Sporcle TV

Today on Sporcle TV


Watch our educational content, quiz creation guides, and fun videos on Sporcle TV.

Show Comments

Extras

Top Quizzes Today


Score Distribution

Your Account Isn't Verified!

In order to create a playlist on Sporcle, you need to verify the email address you used during registration. Go to your Sporcle Settings to finish the process.

Report this User

Report this user for behavior that violates our Community Guidelines.

Details: